<?xml version="1.0" encoding="UTF-8"?>
<collection xmlns="http://www.loc.gov/MARC21/slim">
 <record>
  <leader>01633nam a22002417a 4500</leader>
  <controlfield tag="001">NCT_4_026100</controlfield>
  <controlfield tag="008">250911b        xxu||||| |||| 00| 0 vie d</controlfield>
  <datafield tag="999" ind1=" " ind2=" ">
   <subfield code="c">9289</subfield>
   <subfield code="d">9289</subfield>
  </datafield>
  <datafield tag="020" ind1=" " ind2=" ">
   <subfield code="a">9786044816906</subfield>
   <subfield code="c">199000</subfield>
  </datafield>
  <datafield tag="082" ind1="0" ind2="4">
   <subfield code="2">23rd ed.</subfield>
   <subfield code="a">745.2</subfield>
   <subfield code="b">N842</subfield>
  </datafield>
  <datafield tag="100" ind1="1" ind2=" ">
   <subfield code="a">Norman, Don</subfield>
  </datafield>
  <datafield tag="245" ind1="1" ind2="0">
   <subfield code="a">Tư duy thiết kế lấy người dùng làm trung tâm</subfield>
   <subfield code="b">= The design of everyday things : Bí quyết tạo ra sản phẩm mọi khách hàng đều mong muốn</subfield>
   <subfield code="c">Don Norman ; Phương Lan (Dịch)</subfield>
  </datafield>
  <datafield tag="250" ind1=" " ind2=" ">
   <subfield code="a">Tái bản lần thứ 1</subfield>
  </datafield>
  <datafield tag="260" ind1=" " ind2=" ">
   <subfield code="a">H.</subfield>
   <subfield code="b">Công thương</subfield>
   <subfield code="c">2024</subfield>
  </datafield>
  <datafield tag="300" ind1=" " ind2=" ">
   <subfield code="a">377 tr.</subfield>
   <subfield code="b">Minh họa</subfield>
   <subfield code="c">24 cm</subfield>
  </datafield>
  <datafield tag="520" ind1="3" ind2=" ">
   <subfield code="a">Nội dung sách đưa ra những nguyên tắc cơ bản cần thiết trong thiết kế sản phẩm để loại bỏ rắc rối và biến các vật dụng trong đời sống hàng ngày trở nên thú vị, mang lại niềm vui và sự thoải mái cho người dùng</subfield>
  </datafield>
  <datafield tag="653" ind1=" " ind2=" ">
   <subfield code="a">Truyền thông đa phương tiện</subfield>
  </datafield>
  <datafield tag="700" ind1="0" ind2=" ">
   <subfield code="a">Phương Lan</subfield>
   <subfield code="e">Dịch</subfield>
  </datafield>
  <datafield tag="942" ind1=" " ind2=" ">
   <subfield code="2">ddc</subfield>
   <subfield code="c">BK</subfield>
  </datafield>
  <datafield tag="952" ind1=" " ind2=" ">
   <subfield code="0">0</subfield>
   <subfield code="1">0</subfield>
   <subfield code="2">ddc</subfield>
   <subfield code="4">0</subfield>
   <subfield code="6">745_200000000000000_N842</subfield>
   <subfield code="7">0</subfield>
   <subfield code="9">31396</subfield>
   <subfield code="a">000001</subfield>
   <subfield code="b">000001</subfield>
   <subfield code="d">2025-09-19</subfield>
   <subfield code="o">745.2 N842</subfield>
   <subfield code="p">MD.24430</subfield>
   <subfield code="r">2025-09-19</subfield>
   <subfield code="v">199000.00</subfield>
   <subfield code="w">2025-09-19</subfield>
   <subfield code="y">BK</subfield>
  </datafield>
  <datafield tag="952" ind1=" " ind2=" ">
   <subfield code="0">0</subfield>
   <subfield code="1">0</subfield>
   <subfield code="2">ddc</subfield>
   <subfield code="4">0</subfield>
   <subfield code="6">745_200000000000000_N842</subfield>
   <subfield code="7">0</subfield>
   <subfield code="9">31397</subfield>
   <subfield code="a">000001</subfield>
   <subfield code="b">000001</subfield>
   <subfield code="d">2025-09-19</subfield>
   <subfield code="l">1</subfield>
   <subfield code="o">745.2 N842</subfield>
   <subfield code="p">MD.24431</subfield>
   <subfield code="r">2025-10-18</subfield>
   <subfield code="s">2025-10-08</subfield>
   <subfield code="v">199000.00</subfield>
   <subfield code="w">2025-09-19</subfield>
   <subfield code="y">BK</subfield>
  </datafield>
  <datafield tag="952" ind1=" " ind2=" ">
   <subfield code="0">0</subfield>
   <subfield code="1">0</subfield>
   <subfield code="2">ddc</subfield>
   <subfield code="4">0</subfield>
   <subfield code="6">745_200000000000000_N842</subfield>
   <subfield code="7">0</subfield>
   <subfield code="9">31398</subfield>
   <subfield code="a">000001</subfield>
   <subfield code="b">000001</subfield>
   <subfield code="d">2025-09-19</subfield>
   <subfield code="o">745.2 N842</subfield>
   <subfield code="p">MD.24432</subfield>
   <subfield code="r">2025-09-19</subfield>
   <subfield code="v">199000.00</subfield>
   <subfield code="w">2025-09-19</subfield>
   <subfield code="y">BK</subfield>
  </datafield>
  <datafield tag="980" ind1=" " ind2=" ">
   <subfield code="a">Thư viện Trường Đại học Nam Cần Thơ</subfield>
  </datafield>
 </record>
</collection>
